Central Library OPAC University of Rajshahi
Normal view MARC view

Entry Personal Name

Number of records used in: 1

001 - CONTROL NUMBER

  • control field: 5965

003 - CONTROL NUMBER IDENTIFIER

  • control field: BD-RjUL

005 - DATE AND TIME OF LATEST TRANSACTION

  • control field: 20221121172853.0

008 - FIXED-LENGTH DATA ELEMENTS

  • fixed length control field: 221121|| aca||aabn | a|a d

040 ## - CATALOGING SOURCE

  • Original cataloging agency: BD-RjUL
  • Transcribing agency: BD-RjUL

100 ## - HEADING--PERSONAL NAME

  • Personal name: Miah, M.A. Bari, Supervisor

670 ## - SOURCE DATA FOUND

  • Source citation: Work cat.: (BD-RjUL)80824: Malek, Md. Abdul 5963, Genetic variability, in vitro regeneration and artificial seed production in pointed gourd (Trichosanthes dioica ROXB.) /, 2007